| 000 | 00374pab a2200145 454500 | ||
|---|---|---|---|
| 008 | 180718b2003 xxu||||| |||| 00| 0 eng d | ||
| 100 | _aShaban, Abdul | ||
| 245 | _aEnvironmental kuznets curve: theory and empirical evidence | ||
| 260 | _c2003 | ||
| 300 | _ap.46-61. | ||
| 362 | _aOct-Dec | ||
| 650 | _aEnvironmental quality | ||
| 773 | _aIASSI Quarterly | ||
| 909 | _a62813 | ||
| 999 |
_c62813 _d62813 |
||